000 00265nam a2200109Ia 4500
999 _c6597
_d6597
020 _a978-0071232616
100 _aDavid L. Olson
245 0 _aIntroduction to Information Systems Project Management
260 _aUSA
_b McGraw Hill
_c2001
300 _a279
942 _cBK